Welcome to CU Library Online Public Access Catalogue (OPAC)

Social work practice with African American men : (Record no. 9324)

MARC details
000 -LEADER
fixed length control field 01369cam a2200301 a 4500
001 - CONTROL NUMBER
control field 2616956
005 - DATE AND TIME OF LATEST TRANSACTION
control field 20260420185643.0
008 - FIXED-LENGTH DATA ELEMENTS--GENERAL INFORMATION
fixed length control field 981002s1999 cau b 001 0 eng
020 ## - INTERNATIONAL STANDARD BOOK NUMBER
International Standard Book Number 0761911162
Qualifying information cloth : alk. paper
020 ## - INTERNATIONAL STANDARD BOOK NUMBER
International Standard Book Number 0761911170
Qualifying information pbk. : alk. paper
020 ## - INTERNATIONAL STANDARD BOOK NUMBER
International Standard Book Number 9780761911166
Qualifying information (cloth : alk. paper)
020 ## - INTERNATIONAL STANDARD BOOK NUMBER
International Standard Book Number 9780761911173
Qualifying information (pbk. : alk. paper)
050 00 - LIBRARY OF CONGRESS CALL NUMBER
Classification number HV3181
Item number .R37 1999
082 00 - DEWEY DECIMAL CLASSIFICATION NUMBER
Classification number 362.84/96073
Edition information 21
100 1# - MAIN ENTRY--PERSONAL NAME
Personal name Rasheed, Janice M.
Fuller form of name (Janice Matthews)
245 10 - TITLE STATEMENT
Title Social work practice with African American men :
Remainder of title the invisible presence /
Statement of responsibility, etc. Janice M. Rasheed, Mikal M. Rasheed ; foreword by Jewelle Taylor Gibbs.
260 ## - PUBLICATION, DISTRIBUTION, ETC.
Place of publication, distribution, etc. Thousand Oaks, Calif. :
Name of publisher, distributor, etc. Sage Publications,
Date of publication, distribution, etc. c1999.
300 ## - PHYSICAL DESCRIPTION
Extent xi, 201 p. ;
Dimensions 24 cm.
440 #0 - SERIES STATEMENT/ADDED ENTRY--TITLE
Title Sage sourcebooks for the human services series ;
Volume/sequential designation v. 39
650 #0 - SUBJECT ADDED ENTRY--TOPICAL TERM
Topical term or geographic name entry element Social work with African Americans.
650 #0 - SUBJECT ADDED ENTRY--TOPICAL TERM
Topical term or geographic name entry element African American men
General subdivision Services for.
650 #0 - SUBJECT ADDED ENTRY--TOPICAL TERM
Topical term or geographic name entry element African American families
General subdivision Services for.
700 1# - ADDED ENTRY--PERSONAL NAME
Personal name Rasheed, Mikal N.
Fuller form of name (Mikal Nazir)
856 42 - ELECTRONIC LOCATION AND ACCESS
Materials specified Publisher description
Uniform Resource Identifier <a href="http://www.loc.gov/catdir/enhancements/fy0656/98040211-d.html">http://www.loc.gov/catdir/enhancements/fy0656/98040211-d.html</a>
856 41 - ELECTRONIC LOCATION AND ACCESS
Materials specified Table of contents only
Uniform Resource Identifier <a href="http://www.loc.gov/catdir/enhancements/fy0656/98040211-t.html">http://www.loc.gov/catdir/enhancements/fy0656/98040211-t.html</a>
856 42 - ELECTRONIC LOCATION AND ACCESS
Materials specified Contributor biographical information
Uniform Resource Identifier <a href="http://www.loc.gov/catdir/enhancements/fy0738/98040211-b.html">http://www.loc.gov/catdir/enhancements/fy0738/98040211-b.html</a>
942 ## - ADDED ENTRY ELEMENTS (KOHA)
Source of classification or shelving scheme Library of Congress Classification
Koha item type Books
Suppress in OPAC No
999 ## -
-- 9324
-- 9324
Holdings
Withdrawn status Lost status Source of classification or shelving scheme Damaged status Not for loan Collection Home library Current library Shelving location Date acquired Total checkouts Full call number Barcode Date last seen Copy number Price effective from Koha item type
    Library of Congress Classification     Non-fiction Business Library (Miotso) Business Library (Miotso) General stacks 04/20/2026   HV3181 .R37 1999 BSSM00003330 04/20/2026 1 04/20/2026 Books
© 2023-2024 Copyright: Central University Libraries. All Rights Reserved | Created by: Mahone Tech Office